Figuras cumbre del arte contemporaneo español. (Record no. 155559)

MARC details
000 -LEADER
campo de control de longitud fija 01483nam a2200289 i 4500
001 - NÚMERO DE CONTROL
campo de control 155559
003 - IDENTIFICADOR DE NÚMERO DE CONTROL
campo de control ES-MaACL
005 - FECHA Y HORA DE LA ÚLTIMA TRANSACCIÓN
campo de control 20250821092338.0
008 - DATOS DE LONGITUD FIJA--INFORMACIÓN GENERAL
campo de control de longitud fija 170619s1945 sp a |||| | spa d
245 00 - MENCIÓN DEL TÍTULO
Título Figuras cumbre del arte contemporaneo español.
Número de parte o sección de la obra IV.
260 ## - PUBLICACIÓN, DISTRIBUCIÓN, ETC.
Lugar de publicación, distribución, etc. Barcelona :
Nombre del editor, distribuidor, etc. Archivo de Arte,
Fecha de publicación, distribución, etc. [1945?]
300 ## - DESCRIPCIÓN FÍSICA
Extensión 1 v. :
Otras características físicas pricipalmente il. col. ;
Dimensiones 34 cm.
505 0# - NOTA DE CONTENIDO CON FORMATO
Nota de contenido con formato José Aguiar / Enrique Lafuente Ferrari (10 h. de lám., 1 retr., 3 h. de texto). Eduardo Chicharro / José Francés (10 h. de lám., 1 retr., 3 h. de texto). José Segrelles / F. Pérez-Dolz (10 h. de lám., 1 retr., 2 h. de texto). Gregorio Prieto / F. Pérez-Dolz (10 h. de lám., 1 retr., 2 h. de texto). Francisco Serra / Juan Cortés (10 h. de lám., 1 retr., 2 h. de texto)
594 ## - Nota al título y mención de responsabilidad
Nota al título y mención de responsabilidad Cada artista con retrato y reproducción de obras en láminas en blanco y negro y color, montadas sobre papel, más 2 ó 3 h. con texto de presentación.
600 14 - PUNTO DE ACCESO ADICIONAL DE MATERIA--NOMBRE DE PERSONA
Nombre de persona Aguiar, José,
Fechas asociadas al nombre 1895-1976
9 (RLIN) 18668
600 04 - PUNTO DE ACCESO ADICIONAL DE MATERIA--NOMBRE DE PERSONA
Nombre de persona Chicharro, Eduardo.
9 (RLIN) 38481
600 04 - PUNTO DE ACCESO ADICIONAL DE MATERIA--NOMBRE DE PERSONA
Nombre de persona Segrelles, José.
9 (RLIN) 105167
600 04 - PUNTO DE ACCESO ADICIONAL DE MATERIA--NOMBRE DE PERSONA
Nombre de persona Prieto, Gregorio.
9 (RLIN) 93885
600 14 - PUNTO DE ACCESO ADICIONAL DE MATERIA--NOMBRE DE PERSONA
Nombre de persona Serra Castellet, Francisco.
9 (RLIN) 163082
600 04 - PUNTO DE ACCESO ADICIONAL DE MATERIA--NOMBRE DE PERSONA
Nombre de persona Cortés, Juan.
9 (RLIN) 40860
650 00 - PUNTO DE ACCESO ADICIONAL DE MATERIA--TÉRMINO DE MATERIA
Término de materia o nombre geográfico como elemento de entrada Arte español-
Subdivisión cronológica S.XX.
9 (RLIN) 10202
700 1# - ENTRADA AGREGADA--NOMBRE PERSONAL
Nombre de persona Lafuente Ferrari, Enrique,
Fechas asociadas al nombre 1898-1985
9 (RLIN) 69538
700 1# - ENTRADA AGREGADA--NOMBRE PERSONAL
Nombre de persona Francés, José,
Fechas asociadas al nombre 1883-1964
9 (RLIN) 52141
700 1# - ENTRADA AGREGADA--NOMBRE PERSONAL
Nombre de persona Pérez-Dolz, Francisco.
9 (RLIN) 90836
852 ## - LOCALIZACIÓN
Ubicación ES-MaACL
Número de control de estantería B-2916
Nota libre - Enc. tela
Holdings
Estatus retirado Estado de pérdida Estado de daño No para préstamo Biblioteca de origen Biblioteca actual Ubicación en estantería Fecha de adquisición Fuente de adquisición Total de préstamos Signatura topográfica completa Código de barras Visto por última vez Precio de reemplazo Tipo de ítem Koha
        Biblioteca del Ateneo de Madrid Biblioteca del Ateneo de Madrid Sala Pardo Bazán 19/06/2017     B-2916 1197747 23/02/2023 23/02/2023 Libro impreso